Cantons de l'Aisne - Statistiques

Statistiques générales
  • Ce quiz a été pris 29 fois
  • Le résultat moyen est 11 sur 21
Statistiques - réponses
Hint Réponse % Correct
2 Château-Thierry
90%
6 Guise
70%
8 Laon 1
70%
9 Laon 2
70%
12 Saint-Quentin 1
70%
13 Saint-Quentin 2
70%
17 Tergnier
70%
7 Hirson
60%
14 Saint-Quentin 3
60%
15 Soissons 1
60%
16 Soissons 2
60%
18 Vervins
60%
3 Chauny
50%
10 Marle
40%
21 Villers-Cotterêts
40%
1 Bohain-en-Vermandois
30%
5 Fère-en-Tardenois
30%
11 Ribemont
20%
19 Vic-sur-Aisne
20%
20 Villeneuve-sur-Aisne
20%
4 Essômes-sur-Marne
10%
Aucun quiz correspondant
Distribution des résultats
% des personnes avec chaque résultat
Percentile par nombre de réponses
Votre historique - résultats
Vous n’avez pas pris ce quiz